Seminario internacional, mecanismo para hacer ciudad

Gespeichert in:
Bibliographische Detailangaben
Körperschaft: Ministerio de Vivienda y Urbanismo (VerfasserIn)
Format: Buch
Sprache:Spanisch
Veröffentlicht: Santiago Dirección de Proyectos Urbanos 2000
Ausgabe:1a. ed
Schlagworte:
Tags: Tag hinzufügen
Keine Tags, Fügen Sie den ersten Tag hinzu!

MARC

LEADER 00000nam a2200000 a 4500
001 UCH0853
003 CL-VaPUC
005 20220315074420.0
008 090402e20000000cl 1 spa d
082 0 4 |a 711.4  |b MIN  |2 21 
110 2 |a Ministerio de Vivienda y Urbanismo  |e author  |9 621340 
245 1 0 |a Seminario internacional, mecanismo para hacer ciudad 
250 |a 1a. ed 
260 |a Santiago  |b Dirección de Proyectos Urbanos  |c 2000 
300 |a 175 p 
583 |a last modification  |c 20190828 11:33:10  |k Rodrigo Vera 
650 0 7 |a DESARROLLO URBANO  |2 CL-VaPUC  |9 621341 
650 0 0 |a Urbanización   |9 265706 
650 0 0 |a Planificación urbana   |9 258176 
650 0 0 |a Renovación urbana   |9 256385 
650 0 0 |a Congresos  |9 257560 
942 |c BK 
945 |a rbrito  |d 20090402 00:00:00 
546 |a En Español 
536 |a Ministerio de Vivienda y Urbanismo 
518 |p Seminario internacional, mecanismo para hacer ciudad, 1, Santiago, 23-24 agosto 1999 
999 |c 384417  |d 384415 
952 |0 0  |1 0  |4 0  |6 711_400000000000000_MIN_2000  |7 0  |8 A  |9 507118  |a BIBARQ  |b BIBARQ  |d 2020-01-23  |i 4529294  |o 711.4 MIN 2000  |p 4529294  |r 2025-01-20  |w 2020-01-23  |y BK  |k ARQ